[Event "Weekend Accademia"]
[Site "Roma ITA"]
[Date "1996.??.??"]
[Round "1"]
[White "Almonti, Alessandro"]
[Black "Catena, Marco"]
[Result "1/2-1/2"]
[WhiteElo "1768"]
[BlackElo "1630"]
[PlyCount "116"]
[EventDate "1996.??.??"]

1. Nf3 d5 2. g3 Nf6 3. Bg2 Nbd7 4. d3 e5 5. Nbd2 Bd6 6. e4 c6 7. O-O O-O 8. b3
Re8 9. Bb2 a5 10. a3 Qc7 11. Qe2 b6 12. Rfc1 Bb7 13. h3 Rac8 14. Nf1 Bc5 15.
Re1 d4 16. N1h2 Nf8 17. Nh4 Rcd8 18. Rf1 Bc8 19. Kh1 Ne6 20. Bc1 Nd7 21. f4 f6
22. f5 Ng5 23. Qg4 Be7 24. N2f3 Nxf3 25. Nxf3 Kh8 26. h4 Nf8 27. h5 Bd6 28. Kg1
h6 29. Kf2 c5 30. a4 Qf7 31. Rh1 Nh7 32. Qg6 Qxg6 33. hxg6 Nf8 34. g4 Kg8 35.
Bd2 Ba6 36. Bf1 Rc8 37. Be2 Nd7 38. Rh3 Kf8 39. Rah1 Ke7 40. Bxh6 gxh6 41. Rxh6
Rg8 42. Rh7+ Kd8 43. g5 Be7 44. gxf6 Bxf6 45. Rf7 Rg7 46. Rh7 Rxh7 47. Rxh7 Kc7
48. Kg3 Rh8 49. Rxh8 Bxh8 50. Ng5 Nf6 51. Ne6+ Kd6 52. Bf3 Ne8 53. Kg4 Bc8 54.
Ng5 Nf6+ 55. Kh4 Bg7 56. Nf7+ Ke7 57. Nxe5 Bb7 58. Ng4 Nd7 1/2-1/2

[Event "Weekend Accademia"]
[Site "Roma ITA"]
[Date "1996.??.??"]
[Round "1"]
[White "Anella, Sandro"]
[Black "Donia, Massimiliano"]
[Result "0-1"]
[WhiteElo "1645"]
[BlackElo "1956"]
[PlyCount "56"]
[EventDate "1996.??.??"]

1. d4 Nf6 2. e3 g6 3. b3 Bg7 4. Bb2 O-O 5. Nd2 d5 6. Bd3 Nbd7 7. f4 b6 8. Nh3
Bb7 9. Qf3 c5 10. O-O Qc7 11. Qe2 Rac8 12. g4 Ne4 13. Nxe4 dxe4 14. Bc4 e6 15.
f5 exf5 16. gxf5 Nf6 17. fxg6 hxg6 18. Rxf6 Bxf6 19. Qg4 Kg7 20. Rf1 Qe7 21.
Nf4 Rh8 22. Bxf7 Qxf7 23. Ne6+ Kg8 24. Rxf6 Qxf6 25. dxc5 Rh4 26. Bxf6 Rxg4+
27. Kf2 Kf7 28. c6 Bxc6 0-1

[Event "Weekend Accademia"]
[Site "Roma ITA"]
[Date "1996.??.??"]
[Round "1"]
[White "Barro, Carlo"]
[Black "Righetti, Gianfranco"]
[Result "1-0"]
[WhiteElo "1771"]
[BlackElo "1594"]
[PlyCount "91"]
[EventDate "1996.??.??"]

1. d4 d5 2. c4 e5 3. dxe5 d4 4. Nf3 Nc6 5. a3 Be6 6. Qc2 Qd7 7. g3 O-O-O 8. Bg2
f6 9. O-O Nxe5 10. Nxe5 fxe5 11. Qb3 c6 12. Qa4 Kb8 13. Bg5 Be7 14. Bxe7 Nxe7
15. Nd2 Ng6 16. Ne4 Bh3 17. Nc5 Qg4 18. Qb4 b6 19. Bf3 Qc8 20. Rfe1 Rhf8 21.
Be4 Nf4 22. a4 Kc7 23. Nd3 c5 24. Qd2 Nxd3 25. exd3 a5 26. Qg5 Qe6 27. Bd5 Qf5
28. Qxg7+ Kd6 29. f4 Rfe8 30. Qb7 Rc8 31. Qxb6+ Kd7 32. Qb7+ Rc7 33. Qb6 Kd8
34. Qb8+ Kd7 35. Qxe8+ Kxe8 36. Rxe5+ Qxe5 37. fxe5 Bf5 38. Ra3 Rc8 39. Rb3 Bd7
40. Rb7 h6 41. e6 Bxa4 42. Rh7 Rd8 43. Kf2 Rxd5 44. cxd5 Bb3 45. Rd7 Ba4 46.
Ra7 1-0

[Event "Weekend Accademia"]
[Site "Roma ITA"]
[Date "1996.??.??"]
[Round "1"]
[White "Buffoni, Luca"]
[Black "Marzano, Carlo"]
[Result "1/2-1/2"]
[WhiteElo "1708"]
[BlackElo "2160"]
[PlyCount "23"]
[EventDate "1996.??.??"]

1. e4 e6 2. d4 d5 3. exd5 exd5 4. Bd3 Nc6 5. c3 Bd6 6. Ne2 Qh4 7. g3 Qh3 8. Bf4
Qg2 9. Rf1 Bh3 10. Nd2 Qxh2 11. Bxd6 cxd6 12. Nf3 1/2-1/2

[Event "Weekend Accademia"]
[Site "Roma ITA"]
[Date "1996.??.??"]
[Round "1"]
[White "Capezza, Marco"]
[Black "De Vita, Gianni"]
[Result "1/2-1/2"]
[WhiteElo "1762"]
[BlackElo "2090"]
[PlyCount "114"]
[EventDate "1996.??.??"]

1. d4 d5 2. c4 Bf5 3. cxd5 Bxb1 4. Rxb1 Qxd5 5. a3 Nc6 6. Nf3 O-O-O 7. e3 e5 8.
Qc2 exd4 9. exd4 Nf6 10. Be3 Bd6 11. Bc4 Qh5 12. O-O Rhe8 13. h3 Nd5 14. Bg5
Nde7 15. Rfe1 h6 16. Bxe7 Bxe7 17. Qb3 Rf8 18. Bb5 Bd6 19. Bxc6 bxc6 20. Ne5
Bxe5 21. Rxe5 Qh4 22. Rc5 Rd6 23. Rbc1 Qxd4 24. Rxc6 Rxc6 25. Rxc6 Qe5 26. Qc3
Qxc3 27. Rxc3 Rd8 28. g4 Rd2 29. b3 Kd7 30. Kg2 Kd6 31. Kf3 Ra2 32. b4 c6 33.
h4 Ra1 34. h5 Rd1 35. Ke4 Re1+ 36. Kd4 Rf1 37. f3 Rh1 38. Ke4 Re1+ 39. Kf5 Re5+
40. Kf4 Rd5 41. Re3 a5 42. Re4 a4 43. Ke3 Rb5 44. Rd4+ Ke6 45. f4 Rb7 46. Ke4
f6 47. Rc4 Kd6 48. Rc5 Re7+ 49. Kf5 Re3 50. Kg6 Rxa3 51. Kxg7 Rg3 52. Kxf6 Rxg4
53. Kf5 Rg3 54. Ra5 a3 55. Kf6 Kc7 56. f5 Kb6 57. Ra8 Kb5 1/2-1/2

[Event "Weekend Accademia"]
[Site "Roma ITA"]
[Date "1996.??.??"]
[Round "1"]
[White "De Blasio, Alessandro"]
[Black "Franchi, Jose' Maria"]
[Result "0-1"]
[WhiteElo "1543"]
[BlackElo "1876"]
[PlyCount "74"]
[EventDate "1996.??.??"]

1. e4 c5 2. Nf3 d6 3. d4 cxd4 4. Nxd4 Nf6 5. Nc3 a6 6. Bg5 e6 7. f4 Qc7 8. Qf3
b5 9. Bd3 Nbd7 10. O-O-O Bb7 11. g4 b4 12. Nce2 d5 13. Bxf6 Nxf6 14. Ng3 Bc5
15. Nb3 Be7 16. g5 Nxe4 17. Nxe4 dxe4 18. Bxe4 Bxe4 19. Qxe4 O-O 20. h4 a5 21.
h5 a4 22. Nd4 Bc5 23. g6 Bxd4 24. gxh7+ Kh8 25. Rxd4 b3 26. axb3 axb3 27. Rc4
Ra1+ 28. Kd2 Qa5+ 29. c3 Rd8+ 30. Ke2 Rxh1 31. Qxh1 Qb5 32. Qe4 Qxh5+ 33. Ke3
Qh3+ 34. Kf2 Qh2+ 35. Ke3 Qd2+ 36. Kf3 Rd3+ 37. Kg4 f5+ 0-1

[Event "Weekend Accademia"]
[Site "Roma ITA"]
[Date "1996.??.??"]
[Round "1"]
[White "Failli, Riccardo"]
[Black "Cialdea, Alberto"]
[Result "1-0"]
[WhiteElo "1684"]
[BlackElo "1900"]
[PlyCount "73"]
[EventDate "1996.??.??"]

1. e4 c5 2. f4 Nc6 3. Bc4 e6 4. Nc3 g6 5. Nf3 Bg7 6. d3 Nge7 7. Be3 d5 8. exd5
exd5 9. Nxd5 Nxd5 10. Bxc5 Qa5+ 11. b4 Ncxb4 12. Qe2+ Be6 13. d4 Ne3 14. Bb5+
Kd8 15. Kf2 Ng4+ 16. Kg1 a6 17. Ng5 Qxb5 18. Nxe6+ fxe6 19. Qxe6 Qd7 20. Qb6+
Kc8 21. Qxb4 Re8 22. h3 Nh6 23. Kh2 Nf5 24. Rae1 Qc6 25. d5 Qd7 26. Rxe8+ Qxe8
27. Re1 Qd7 28. g4 Nh4 29. Kg3 g5 30. Bb6 Qxd5 31. Re8+ Kd7 32. Qe7+ Kc6 33.
Qc7+ Kb5 34. c4+ Qxc4 35. a4+ Kb4 36. Ba5+ Kb3 37. Re3+ 1-0

[Event "Weekend Accademia"]
[Site "Roma ITA"]
[Date "1996.??.??"]
[Round "1"]
[White "Farina, Saverio"]
[Black "Pierangeli, Andrea"]
[Result "1-0"]
[WhiteElo "2170"]
[BlackElo "1750"]
[PlyCount "160"]
[EventDate "1996.??.??"]

1. d4 Nf6 2. c4 g6 3. Nc3 d5 4. Nf3 Bg7 5. cxd5 Nxd5 6. e4 Nxc3 7. bxc3 O-O 8.
Be2 c5 9. Rb1 cxd4 10. cxd4 Nc6 11. d5 Na5 12. O-O b6 13. Bd2 Nb7 14. Be3 Nd6
15. Nd2 f5 16. f3 Bd7 17. Qb3 Be8 18. Rbc1 Rc8 19. Ba6 Rc7 20. Rfe1 Kh8 21. Qb4
fxe4 22. fxe4 Qd7 23. Bd4 Rxc1 24. Bxg7+ Kxg7 25. Rxc1 Qa4 26. Qxa4 Bxa4 27. e5
Nf5 28. Rc7 Rd8 29. d6 Rd7 30. Bc8 Rd8 31. Bxf5 gxf5 32. Rxe7+ Kg6 33. Rxa7 Bd7
34. Nc4 b5 35. Nb6 Be6 36. g3 f4 37. gxf4 Kf5 38. Ra5 Kxf4 39. Rxb5 Bxa2 40.
Kf2 Be6 41. Ke2 Ke4 42. Kd2 Kd4 43. Kc2 h5 44. Kb2 h4 45. Ka3 h3 46. Kb4 Bg4
47. Rd5+ Ke4 48. Kc5 Be6 49. Rd1 Kxe5 50. Re1+ Kf6 51. Kc6 Rg8 52. d7 Bxd7+ 53.
Nxd7+ Kf5 54. Re3 Rh8 55. Kd6 Kf4 56. Rg3 Rh5 57. Ke6 Ra5 58. Rxh3 Ra6+ 59. Kd5
Kg4 60. Rh7 Ra5+ 61. Ke4 Ra2 62. Ne5+ Kg5 63. Nf3+ Kg4 64. Rg7+ Kh5 65. Rg5+
Kh6 66. Rd5 Rg2 67. Kf4 Rg6 68. h4 Ra6 69. Kf5 Kh5 70. Kf4+ Kh6 71. Re5 Rb6 72.
Re4 Ra6 73. Kg4 Rb6 74. Ng5 Rf6 75. Re6 Rxe6 76. Nxe6 Kg6 77. Nd4 Kh6 78. h5
Kg7 79. Kg5 Kg8 80. Kg6 Kh8 1-0

[Event "Weekend Accademia"]
[Site "Roma ITA"]
[Date "1996.??.??"]
[Round "1"]
[White "Galeno, Giorgio"]
[Black "Galdelli, Fabiano"]
[Result "1/2-1/2"]
[WhiteElo "1680"]
[BlackElo "1738"]
[PlyCount "130"]
[EventDate "1996.??.??"]

1. d4 Nf6 2. c4 e6 3. Nc3 Bb4 4. a3 Bxc3+ 5. bxc3 c5 6. e3 d5 7. cxd5 exd5 8.
Bd3 O-O 9. Ne2 c4 10. Bc2 Nc6 11. O-O Re8 12. Ng3 Qc7 13. f3 a5 14. a4 Bd7 15.
e4 dxe4 16. Nxe4 Nd5 17. Qd2 Nce7 18. Ba3 Ng6 19. Bd6 Qd8 20. Bg3 Bc6 21. Rfe1
b5 22. axb5 Bxb5 23. Nd6 Rxe1+ 24. Rxe1 Bd7 25. Nxc4 Rc8 26. Bd3 a4 27. Bd6 Be6
28. Bc5 Ndf4 29. Nd6 Nxd3 30. Qxd3 Nf4 31. Qe3 Qg5 32. g3 Nh3+ 33. Kf1 Rb8 34.
Bb4 Qd8 35. Qe5 Ng5 36. Re3 a3 37. Bxa3 Rb1+ 38. Ke2 Qa8 39. c4 Qa4 40. Rd3
Qc2+ 41. Rd2 Bxc4+ 42. Nxc4 Qxc4+ 43. Rd3 Qc2+ 44. Rd2 Qxd2+ 45. Kxd2 Nxf3+ 46.
Kc2 Nxe5 47. Kxb1 Nf3 48. d5 f6 49. h3 Kf7 50. Kc2 Ke8 51. Kd3 Kd7 52. Ke3 Ne5
53. Ke4 Nc4 54. Bf8 g6 55. g4 Nd6+ 56. Kf4 Nf7 57. h4 Ke8 58. Ba3 Kd7 59. h5
Nd6 60. Bb2 Ke7 61. Ba3 Kd7 62. hxg6 hxg6 63. Bb4 Nf7 64. Bc3 Ke7 65. Bb4+ Kd7
1/2-1/2

[Event "Weekend Accademia"]
[Site "Roma ITA"]
[Date "1996.??.??"]
[Round "1"]
[White "Gardon, Ermanno"]
[Black "Morales, Alessandro"]
[Result "1/2-1/2"]
[WhiteElo "1716"]
[BlackElo "1540"]
[PlyCount "76"]
[EventDate "1996.??.??"]

1. e4 c5 2. Nf3 Nc6 3. d4 cxd4 4. Nxd4 Nxd4 5. Qxd4 Qc7 6. c4 e5 7. Qd3 Bc5 8.
Nc3 Ne7 9. Be2 a6 10. O-O O-O 11. Rb1 d6 12. Bd2 Be6 13. Rbc1 Rac8 14. Kh1 Qd7
15. b3 f5 16. f4 fxe4 17. Nxe4 Nc6 18. fxe5 Nxe5 19. Qg3 Bg4 20. Bxg4 Qxg4 21.
Bf4 Qxg3 22. Bxg3 Nd3 23. Rcd1 Rxf1+ 24. Rxf1 Rf8 25. Rxf8+ Kxf8 26. Bxd6+ Bxd6
27. Nxd6 Nc1 28. Nxb7 Nxa2 29. Nc5 Nb4 30. Kg1 Ke7 31. Ne4 a5 32. Kf2 Nd3+ 33.
Ke3 Nc1 34. Nd2 Kd6 35. Ne4+ Kc6 36. Nd2 Kc5 37. Ne4+ Kb4 38. c5 Kb5 1/2-1/2

[Event "Weekend Accademia"]
[Site "Roma ITA"]
[Date "1996.??.??"]
[Round "1"]
[White "Gaudino, Gaetano"]
[Black "Tosoni, Augusto"]
[Result "0-1"]
[WhiteElo "1585"]
[BlackElo "2008"]
[PlyCount "96"]
[EventDate "1996.??.??"]

1. e4 c5 2. Nf3 d6 3. Nc3 Nf6 4. d4 cxd4 5. Nxd4 g6 6. Bd3 Bg7 7. O-O O-O 8.
Nf3 Nc6 9. a3 h6 10. Be3 Ng4 11. Bd2 Be6 12. h3 Nge5 13. Nxe5 Nxe5 14. Bf4 Rc8
15. Nd5 Nc4 16. Rb1 Nxb2 17. Qd2 g5 18. Bxg5 hxg5 19. Qxg5 Bxd5 20. exd5 Nxd3
21. cxd3 b6 22. Rb4 e5 23. Qh5 f5 24. Rh4 Qf6 25. Ra4 Rc7 26. f4 Rfc8 27. fxe5
Qxe5 28. Qg5 f4 29. Qg4 Qe3+ 30. Kh2 Rc1 31. Raxf4 Qe5 32. g3 R8c2+ 33. R1f2
Rxf2+ 34. Rxf2 Qxd5 35. Rg2 Qxd3 36. Qe6+ Kh7 37. Qg4 Qg6 38. Qh4+ Kg8 39. Qd8+
Bf8 40. Rf2 Qg7 41. Rxf8+ Qxf8 42. Qg5+ Kh7 43. Qxc1 Qf2+ 44. Kh1 Qf3+ 45. Kh2
Qf2+ 46. Kh1 Qxg3 47. Qc2+ Kh6 48. Qf5 Qe1+ 0-1

[Event "Weekend Accademia"]
[Site "Roma ITA"]
[Date "1996.??.??"]
[Round "1"]
[White "Giangregorio, Pasquale"]
[Black "Quaglia, Ferdinando"]
[Result "1-0"]
[WhiteElo "1767"]
[BlackElo "1541"]
[PlyCount "65"]
[EventDate "1996.??.??"]

1. c4 c6 2. e4 e6 3. Nc3 Bc5 4. d4 Bb4 5. Nge2 Nf6 6. a3 Bxc3+ 7. Nxc3 d5 8. e5
Nfd7 9. Qg4 g6 10. Bh6 f5 11. exf6 Nxf6 12. Qf4 Kf7 13. g4 g5 14. Bxg5 Nbd7 15.
Bh6 e5 16. dxe5 Nxe5 17. g5 Re8 18. O-O-O Ng6 19. Qxf6+ Qxf6 20. gxf6 Bg4 21.
Rd4 Bf3 22. Rg1 Re1+ 23. Kd2 Rae8 24. Be3 c5 25. Rxd5 R1xe3 26. fxe3 Kxf6 27.
Rxc5 Ne5 28. Rg3 Bh5 29. Nd5+ Kf7 30. Rc7+ Kf8 31. Rxh7 Nf3+ 32. Kc3 Nxh2 33.
Rxh5 1-0

[Event "Weekend Accademia"]
[Site "Roma ITA"]
[Date "1996.??.??"]
[Round "1"]
[White "Latini, Carlo"]
[Black "Crucioli, Marco"]
[Result "0-1"]
[WhiteElo "1701"]
[BlackElo "1630"]
[PlyCount "36"]
[EventDate "1996.??.??"]

1. e4 e5 2. Nf3 d6 3. Bc4 Be7 4. Nc3 Bf6 5. h3 Ne7 6. d3 Nbc6 7. Be3 O-O 8. Ne2
Na5 9. Bb3 Nxb3 10. axb3 a6 11. g4 g6 12. Ng3 Bg7 13. g5 d5 14. Qe2 Nc6 15. c3
d4 16. Bd2 b6 17. Kf1 Na5 18. Rxa5 18... bxa5 $138 0-1

[Event "Weekend Accademia"]
[Site "Roma ITA"]
[Date "1996.??.??"]
[Round "1"]
[White "Laudati, Adriano"]
[Black "Luna, Giovanni"]
[Result "1-0"]
[WhiteElo "1870"]
[BlackElo "1564"]
[PlyCount "49"]
[EventDate "1996.??.??"]

1. e4 g6 2. d4 Bg7 3. c4 d6 4. Nc3 Nc6 5. Be3 Nf6 6. f3 a6 7. Qd2 Bd7 8. Nge2
O-O 9. g4 Na7 10. Ng3 b5 11. Bh6 c5 12. d5 b4 13. Nd1 Qb6 14. Be2 a5 15. h4 a4
16. h5 Nc8 17. hxg6 fxg6 18. Bxg7 Kxg7 19. Qh6+ Kf7 20. g5 Ne8 21. Qxh7+ Ng7
22. Rh6 Rg8 23. Rxg6 Qd8 24. f4 Qf8 25. Bh5 1-0

[Event "Weekend Accademia"]
[Site "Roma ITA"]
[Date "1996.??.??"]
[Round "1"]
[White "Macchia, Giovanni"]
[Black "Rossi De Gasperis, Pietro"]
[Result "1/2-1/2"]
[WhiteElo "1657"]
[BlackElo "1833"]
[PlyCount "117"]
[EventDate "1996.??.??"]

1. e4 c5 2. c3 d5 3. exd5 Qxd5 4. d4 Nc6 5. Nf3 Bg4 6. Be2 O-O-O 7. Be3 Qh5 8.
Ng5 Bxe2 9. Qxe2 Qxe2+ 10. Kxe2 cxd4 11. Nxf7 dxe3 12. Kxe3 e6 13. Nxd8 Bc5+
14. Ke2 Kxd8 15. Re1 Nf6 16. f3 Nd5 17. g3 Ne5 18. Nd2 Kc7 19. Rac1 Be3 20. Rc2
Bxd2 21. Rxd2 Nc4 22. Rc2 Nde3 23. Rcc1 Rd8 24. Kf2 Rd2+ 25. Re2 Nd1+ 26. Ke1
Rxe2+ 27. Kxe2 Ndxb2 28. Rc2 e5 29. Kf2 Kd6 30. Re2 b5 31. Ke1 Na4 32. Rc2 Ke6
33. Rc1 Nab2 34. Rc2 Kf5 35. Re2 Na4 36. Rc2 g5 37. h3 h5 38. Rc1 e4 39. fxe4+
Kxe4 40. Ke2 Nab2 41. Rc2 a5 42. Rc1 Na4 43. Rc2 Nc5 44. Rc1 Nd3 45. Rd1 Nce5
46. Rd2 h4 47. gxh4 gxh4 48. Kf1 Kf3 49. Rg2 b4 50. cxb4 axb4 51. Kg1 Nf4 52.
Rb2 Ned3 53. Rb3 Kg3 54. a3 bxa3 55. Rxa3 Nxh3+ 56. Kf1 Nhf2 57. Ra8 h3 58. Rh8
Ne5 59. Rxh3+ 1/2-1/2

[Event "Weekend Accademia"]
[Site "Roma ITA"]
[Date "1996.??.??"]
[Round "1"]
[White "Melega, Gianluigi"]
[Black "Togni, Giampiero"]
[Result "1-0"]
[WhiteElo "1513"]
[BlackElo "1710"]
[PlyCount "43"]
[EventDate "1996.??.??"]

1. g4 e5 2. Bg2 d5 3. c4 c6 4. cxd5 cxd5 5. Qb3 Nf6 6. Nc3 Bc5 7. g5 Ne4 8.
Nxe4 dxe4 9. Bxe4 Qb6 10. e3 Qxb3 11. axb3 f5 12. gxf6 gxf6 13. Nf3 f5 14. Bd5
Na6 15. Rxa6 bxa6 16. Bxa8 e4 17. Ne5 Rg8 18. d3 exd3 19. Nxd3 Bd6 20. Bc6+ Ke7
21. Bd5 Bd7 22. Bxg8 1-0

[Event "Weekend Accademia"]
[Site "Roma ITA"]
[Date "1996.??.??"]
[Round "1"]
[White "Michelena, Rodolfo"]
[Black "De Carolis, Maurizio"]
[Result "1-0"]
[WhiteElo "1810"]
[BlackElo "1555"]
[PlyCount "125"]
[EventDate "1996.??.??"]

1. d4 Nf6 2. c4 g6 3. Nc3 Bg7 4. e4 d6 5. Be2 O-O 6. Nf3 e5 7. d5 a5 8. O-O Na6
9. Ne1 Nc5 10. Qc2 Ne8 11. Be3 f5 12. Bxc5 dxc5 13. Nd3 b6 14. f3 Nd6 15. b3 f4
16. Nb5 h5 17. Qc3 Qe7 18. a4 g5 19. h3 Nf7 20. Rad1 Ba6 21. Nb2 Rad8 22. Rf2
Bc8 23. Kf1 Bf6 24. Bd3 g4 25. Na7 Bd7 26. hxg4 Bh4 27. Rfd2 hxg4 28. Ke2 gxf3+
29. gxf3 Qg5 30. Rf1 Bh3 31. Kd1 Bxf1 32. Bxf1 Bg3 33. Nc6 Rd6 34. Nd3 Re8 35.
Bh3 Kg7 36. Rg2 Qh5 37. Be6 Qh1+ 38. Kc2 Qxg2+ 39. Kb1 Rexe6 40. dxe6 Rxe6 41.
Ncxe5 Nxe5 42. Nxe5 Qg1+ 43. Kc2 Qd4 44. Qxd4 cxd4 45. Nd3 c5 46. Nc1 Kf6 47.
Ne2 Kg5 48. Kd3 Kh4 49. Nc1 Kh3 50. Ke2 Kg2 51. Nd3 Bh4 52. Nxf4+ Kg3 53. Nxe6
d3+ 54. Kxd3 Kxf3 55. Nc7 Bd8 56. Nd5 Kg4 57. Ke3 Bg5+ 58. Kd3 Bd8 59. Ke2 Kg5
60. Kf3 Kg6 61. Kf4 Kf7 62. Ke5 Ke8 63. Kd6 1-0

[Event "Weekend Accademia"]
[Site "Roma ITA"]
[Date "1996.??.??"]
[Round "1"]
[White "Pantano, Fulvio"]
[Black "Scacco, Mauro"]
[Result "0-1"]
[WhiteElo "1636"]
[BlackElo "2055"]
[PlyCount "85"]
[EventDate "1996.??.??"]

1. e4 e5 2. Nf3 Nc6 3. Bb5 a6 4. Ba4 Nf6 5. O-O Be7 6. Re1 b5 7. Bb3 O-O 8. c3
d6 9. h3 h6 10. d4 Bb7 11. Nbd2 Re8 12. Bc2 Bf8 13. b3 g6 14. d5 Nb8 15. Nf1
Nbd7 16. Be3 c6 17. c4 Qc7 18. Ng3 Rac8 19. Rc1 Qb8 20. Nh2 Rc7 21. Qf3 Bg7 22.
Ng4 Nxg4 23. hxg4 Rec8 24. Bb1 bxc4 25. Rxc4 cxd5 26. Rxc7 Qxc7 27. exd5 Nf6
28. Rd1 Qa5 29. Ne4 Ne8 30. Bd2 Qxd5 31. Bxh6 Bxh6 32. Rxd5 Bxd5 33. Kh2 Kg7
34. Qd3 Bxe4 35. Qxe4 Nf6 36. Qf3 d5 37. Qe2 e4 38. g3 Rc1 39. Bc2 Nd7 40. Kh3
Ne5 41. f4 Nf3 42. Qf2 Rh1+ 43. Kg2 0-1

[Event "Weekend Accademia"]
[Site "Roma ITA"]
[Date "1996.??.??"]
[Round "1"]
[White "Papetti, Francesco"]
[Black "Ciotoli, Patrizio"]
[Result "0-1"]
[WhiteElo "1705"]
[BlackElo "2010"]
[PlyCount "52"]
[EventDate "1996.??.??"]

1. d4 Nf6 2. c4 e6 3. Nf3 b6 4. g3 Bb7 5. Bg2 Be7 6. O-O O-O 7. Nc3 d6 8. b3
Nbd7 9. Bb2 Ne4 10. Qc2 Nxc3 11. Bxc3 Nf6 12. Rfe1 Be4 13. Qb2 Nd7 14. Nd2 Bxg2
15. Kxg2 f5 16. f4 d5 17. Nf3 Nf6 18. Ne5 Qe8 19. e3 Ne4 20. Rac1 a5 21. a3 Rf6
22. cxd5 exd5 23. Re2 Qh5 24. Be1 Bxa3 25. Qxa3 Qxe2+ 26. Kh1 Qf1# 0-1

[Event "Weekend Accademia"]
[Site "Roma ITA"]
[Date "1996.??.??"]
[Round "1"]
[White "Perotti, Germano"]
[Black "Raccah, Ascer"]
[Result "1-0"]
[WhiteElo "1717"]
[BlackElo "1528"]
[PlyCount "105"]
[EventDate "1996.??.??"]

1. d4 Nf6 2. c4 e5 3. dxe5 Ng4 4. Bf4 Nc6 5. Nf3 Bb4+ 6. Nbd2 Qe7 7. e3 Ncxe5
8. Nxe5 Nxe5 9. Be2 O-O 10. O-O d6 11. a3 Bxd2 12. Qxd2 Ng6 13. Bg3 Be6 14. Qc3
Rfe8 15. b4 Rad8 16. Rac1 Bf5 17. c5 d5 18. Rfd1 Be4 19. a4 a6 20. c6 d4 21.
Rxd4 Rxd4 22. Qxd4 Bxc6 23. b5 Qa3 24. Rd1 axb5 25. axb5 Be4 26. Qd7 Qe7 27.
Bxc7 Qxd7 28. Rxd7 Bf5 29. Rd4 Rc8 30. b6 Nf8 31. Bf3 Ne6 32. Rc4 Bd3 33. Bxb7
Bxc4 34. Bxc8 Nxc7 35. bxc7 Kf8 36. Bb7 Be6 37. c8=Q+ Bxc8 38. Bxc8 Ke7 39. Kf1
Kd6 40. Ke2 Ke5 41. Kd3 g5 42. g3 h6 43. f4+ Kf6 44. f5 Ke5 45. g4 f6 46. e4
Kf4 47. h3 Kg3 48. e5 Kxh3 49. exf6 Kxg4 50. f7 h5 51. f8=Q h4 52. f6+ Kf3 53.
Qe7 1-0

[Event "Weekend Accademia"]
[Site "Roma ITA"]
[Date "1996.??.??"]
[Round "1"]
[White "Perretta, Maurizio"]
[Black "Simeoni, Matteo"]
[Result "1/2-1/2"]
[WhiteElo "2007"]
[BlackElo "1794"]
[PlyCount "44"]
[EventDate "1996.??.??"]

1. Nf3 f5 2. g3 e6 3. Bg2 Nf6 4. d3 Bc5 5. Nbd2 Bxf2+ 6. Kxf2 Ng4+ 7. Kg1 Ne3
8. Qe1 Nxc2 9. Qd1 Nxa1 10. Nc4 O-O 11. Bg5 Qe8 12. Qxa1 d6 13. h4 e5 14. b4 f4
15. gxf4 exf4 16. Nd4 c5 17. Nxd6 Qe3+ 18. Kf1 cxd4 19. Bd5+ Kh8 20. Nf7+ Kg8
21. Ne5+ Kh8 22. Nf7+ Kg8 1/2-1/2

[Event "Weekend Accademia"]
[Site "Roma ITA"]
[Date "1996.??.??"]
[Round "1"]
[White "Petruccioli, Antonio"]
[Black "Vannelli, Vittorio"]
[Result "1-0"]
[WhiteElo "2007"]
[BlackElo "1633"]
[PlyCount "56"]
[EventDate "1996.??.??"]

1. e4 e5 2. Bc4 Nf6 3. d3 Be7 4. Ne2 Nc6 5. O-O O-O 6. a3 d6 7. Nbc3 Nd4 8.
Nxd4 exd4 9. Ne2 c5 10. c3 dxc3 11. bxc3 Be6 12. Bxe6 fxe6 13. Qb3 Qd7 14. Rb1
b6 15. Nf4 d5 16. Re1 Rae8 17. h3 c4 18. dxc4 Nxe4 19. cxd5 exd5 20. Nxd5 Bc5
21. Rxe4 Rxe4 22. Nf6+ Kh8 23. Nxd7 Re1+ 24. Kh2 Bd6+ 25. f4 Rf5 26. Qc2 Rd5
27. Ne5 Bc5 28. Qf5 Rdd1 1-0

[Event "Weekend Accademia"]
[Site "Roma ITA"]
[Date "1996.??.??"]
[Round "1"]
[White "Pezzaldi, Roberto"]
[Black "Mondello, Gabriele"]
[Result "1/2-1/2"]
[WhiteElo "2013"]
[BlackElo "1789"]
[PlyCount "98"]
[EventDate "1996.??.??"]

1. c4 e5 2. Nc3 Nc6 3. g3 Nf6 4. Bg2 g6 5. Nf3 d6 6. d4 exd4 7. Nxd4 Nxd4 8.
Qxd4 Bg7 9. Qe3+ Qe7 10. Nb5 Qxe3 11. Bxe3 Kd8 12. Bxa7 Ng4 13. Bd4 Bxd4 14.
Nxd4 c6 15. O-O Be6 16. b3 Ke7 17. Rfd1 h5 18. Rd2 Rac8 19. Rad1 Rhd8 20. Nxe6
fxe6 21. Be4 g5 22. Bf3 Nf6 23. b4 d5 24. c5 e5 25. e3 h4 26. gxh4 gxh4 27. Kh1
Rg8 28. Rg1 Rxg1+ 29. Kxg1 Rg8+ 30. Kf1 Ng4 31. Bxg4 Rxg4 32. a3 e4 33. f3 exf3
34. Rf2 Rc4 35. Rxf3 Rc3 36. Rh3 Rxa3 37. Ke2 d4 38. Rxh4 dxe3 39. Re4+ Kf6 40.
h4 Rb3 41. Kf3 Kg6 42. Kg4 e2 43. Re6+ Kf7 44. Rxe2 Rxb4+ 45. Kg5 Rb5 46. Rf2+
Kg7 47. Rf5 b6 48. cxb6 Rxb6 49. Rc5 Rb4 1/2-1/2

[Event "Weekend Accademia"]
[Site "Roma ITA"]
[Date "1996.??.??"]
[Round "1"]
[White "Piancatelli, Marco"]
[Black "Simeone, Giulio"]
[Result "0-1"]
[WhiteElo "1870"]
[BlackElo "1654"]
[PlyCount "54"]
[EventDate "1996.??.??"]

1. e4 g6 2. d4 Bg7 3. Nf3 Nc6 4. d5 Ne5 5. Nxe5 Bxe5 6. f4 Bg7 7. Nc3 d6 8. Be3
Nf6 9. Be2 c5 10. Qd2 Ng4 11. Bxg4 Bxg4 12. h3 Bd7 13. O-O O-O 14. e5 Qc7 15.
exd6 exd6 16. Rae1 Rfe8 17. Bf2 a6 18. Rxe8+ Rxe8 19. Re1 Qd8 20. Nd1 Bh6 21.
Rxe8+ Qxe8 22. Be3 Bf5 23. Nf2 Qa4 24. c3 Qxa2 25. g4 Bd7 26. Ne4 Qb1+ 27. Kf2
Qxe4 0-1

[Event "Weekend Accademia"]
[Site "Roma ITA"]
[Date "1996.??.??"]
[Round "1"]
[White "Pieroni, Marco"]
[Black "Sabatini, Mario"]
[Result "0-1"]
[WhiteElo "1705"]
[BlackElo "2085"]
[PlyCount "69"]
[EventDate "1996.??.??"]

1. d4 Nf6 2. Nf3 e6 3. c4 Bb4+ 4. Bd2 Qe7 5. g3 Nc6 6. Bg2 Bxd2+ 7. Nbxd2 d6 8.
O-O O-O 9. a3 e5 10. d5 Nb8 11. Qc2 e4 12. Nd4 e3 13. Ne4 exf2+ 14. Nxf2 Nbd7
15. Nf5 Qd8 16. e4 Ne5 17. Ne3 b6 18. h3 Nh5 19. g4 Nf4 20. Nf5 Bxf5 21. exf5
Qh4 22. Kh2 h5 23. Qe4 Qg5 24. Bf3 Rae8 25. Kh1 hxg4 26. Rg1 Qh6 27. f6 Nxh3
28. Kg2 gxf3+ 29. Kg3 Nxf2 30. Kxf2 Qh2+ 31. Kf1 Qh3+ 32. Kf2 Ng4+ 33. Rxg4
Rxe4 34. Rxe4 Qg2+ 35. Ke3 0-1

[Event "Weekend Accademia"]
[Site "Roma ITA"]
[Date "1996.??.??"]
[Round "1"]
[White "Ragonese, Lucio Rosario"]
[Black "Sarrecchia, Maurizio"]
[Result "1-0"]
[WhiteElo "1902"]
[BlackElo "1576"]
[PlyCount "69"]
[EventDate "1996.??.??"]

1. d4 Nf6 2. Nf3 g6 3. Bg5 Ne4 4. Bf4 Bg7 5. Nbd2 Nxd2 6. Qxd2 d5 7. e3 c5 8.
c3 Qa5 9. Bd3 Nc6 10. Ne5 Nxe5 11. Bxe5 Bxe5 12. dxe5 e6 13. O-O O-O 14. f4 Qc7
15. Rf3 f5 16. exf6 Rxf6 17. Raf1 Bd7 18. Qf2 Raf8 19. Qh4 a6 20. Rh3 Bc6 21.
g4 Bb5 22. Bxb5 axb5 23. Qg5 R8f7 24. Rh6 Qe7 25. Qe5 Qf8 26. g5 Rf5 27. Qxe6
Qe7 28. Qxe7 Rxe7 29. Rh3 b6 30. Kf2 Re4 31. Kf3 b4 32. cxb4 Rxb4 33. b3 Re4
34. Rd1 d4 35. Kxe4 1-0

[Event "Weekend Accademia"]
[Site "Roma ITA"]
[Date "1996.??.??"]
[Round "1"]
[White "Scipioni, Gaetano"]
[Black "Marta, Daniele"]
[Result "1/2-1/2"]
[WhiteElo "1525"]
[BlackElo "1732"]
[PlyCount "39"]
[EventDate "1996.??.??"]

1. e4 Nc6 2. Nf3 d6 3. d4 g6 4. Bf4 Bg7 5. c3 Bg4 6. Nbd2 e5 7. dxe5 Nxe5 8. h3
Nxf3+ 9. Nxf3 Bd7 10. Bc4 Nf6 11. Nd2 O-O 12. O-O Be6 13. Bxe6 fxe6 14. Qb3 Qd7
15. Be3 a6 16. Rad1 Rfe8 17. Bd4 Qb5 18. Qxb5 axb5 19. a3 c5 20. Be3 1/2-1/2